000 00784nam a22002295i 4500
001 166839
003 ES-MaACL
005 20250927110645.0
008 050920m18991903fr | |||||||| ||fre d
040 _aCAM
_bspa
_cCAM
100 1 _aVachon, Marius.
_9133482
245 1 0 _aPuvis de Chavannes
_b: un maître de ce temps /
_cMarius Vachon.
260 _aParis :
_bSociété d'Edition Artistique,
_c[s.a.] (
_fTypographie Firmin-Didot et c\pie\s)
300 _a258 p. ;
_c20 cm.
490 1 _aL'Art et les Artistes
596 _aEn pag. 12 consta la fecha 1899.
600 1 4 _aPuvis de Chavannes, Pierre,
_d1824-1898
_994440
752 _aFrancia -
_dParís
830 0 _aL'Art et les Artistes
_9222581
852 _aES-MaACL
_jF-12552
_z-- Rust.
999 _c166839
_d166839